000 00552nam a2200229Ia 4500
001 18438
003 GE_BSU
008 181216s||||||||xx |||||||||||||| ||und||
020 _a9780273743217
040 _cGE_BSU
080 _a331
100 _aD'Souza, Steven
245 _aBrilliant intern
245 _bWhat the best networkers know,do and say
260 _aHarlow
260 _bPearson
260 _c2011
300 _a271p. 22cm.
653 _aBrilliant intern
653 _aHow to get best internships and make them count
942 _cBK
999 _c51452
_d51452